| 000 | 00416nam a2200109Ia 4500 | ||
|---|---|---|---|
| 008 | 230907s9999||||xx |||||||||||||| ||und|| | ||
| 082 |
_a621.3 _bIEC |
||
| 100 |
_aIEC Standards _9117978 |
||
| 245 | 0 | _aIEC 60754-3 ED. 1.0 B:2018: TEST ON GASES EVOLVED DURING COMBUSTION OF MATERIALS FROM CABLES - PART 3: MEASUREMENT OF LOW LEVEL OF HALOGEN CONTENT BY ION CHROMATOGRAPHY | |
| 260 |
_bIEC _c2019-09-13 |
||
| 942 |
_2ddc _cEB |
||
| 999 |
_c599841 _d599841 |
||